| 000 | 00578nam a2200193 u 4500 | ||
|---|---|---|---|
| 005 | 20210223132949.0 | ||
| 008 | 160602s2011 mx r 000 0 spa d | ||
| 035 | _aUPN01000211053 | ||
| 049 | _aI | ||
| 050 | 4 |
_aPZ8.9 _bG8.4 |
|
| 100 | 1 |
_aGuczka, Christel, _d1976- _938973 |
|
| 245 | 1 | 0 |
_aBombazo besucón / _cChristel Guczka ; il. Juan Carlos Palomino. |
| 260 |
_aMéxico : _bOnirika, _cc2011. |
||
| 300 |
_a26 p. : _bil. col. |
||
| 650 | 4 |
_aCUENTOS INFANTILES CANADIENSES _911112 |
|
| 650 | 4 |
_aAMOR - _vLITERATURA INFANTIL _911101 |
|
| 905 | _aInfantil | ||
| 999 |
_c183154 _d183154 |
||